Exhortación apostólica de S.S. Francisco. Laudate Deum. A todas las personas de buena voluntad sobre la crisis climática.

Gorde:
Xehetasun bibliografikoak
Egile nagusia: Francisco, Papa (autor)
Formatua: Liburua
Argitaratua: Roma, Italia: Dicastero per la Comunicazione, 2023.
Gaiak:
Sarrera elektronikoa:Disponible Online
Etiketak: Etiketa erantsi
Etiketarik gabe, Izan zaitez lehena erregistro honi etiketa jartzen!

MARC

LEADER 00000cam a2200000 a 4500
003 CL-VaPUC
005 20250422131928.0
008 250422t2023 ||||| |||| 00| 0 spa d
999 |c 449121  |d 449119 
020 |a 978-956-14-1392-4 
040 |c Pontificia Universidad Católica de Valparaíso 
100 |a Francisco,  |c Papa  |e autor  |9 877620 
245 1 0 |a Exhortación apostólica de S.S. Francisco.  |b Laudate Deum. A todas las personas de buena voluntad sobre la crisis climática. 
260 |a Roma, Italia:  |b Dicastero per la Comunicazione,  |c 2023. 
583 |a last modification  |c 20140508 16:03:00 
650 |a Ecología humana   |x Aspectos religiosos  |x Iglesia Católica   |9 902281 
650 |a Responsabilidad ambiental   |x Aspectos religiosos  |x Iglesia Católica   |9 902282 
856 |u https://www.vatican.va/content/francesco/es/apost_exhortations/documents/20231004-laudate-deum.html  |y Disponible Online  
942 |c BK  |2 ddc 
952 |0 0  |1 0  |2 ddc  |4 0  |7 5  |8 A  |9 602623  |a BIBTEO  |b BIBTEO  |c ONLINE  |d 2025-04-22  |i 449121  |p 449121  |r 2025-04-22  |w 2025-04-22  |y EBK  |k ICR